Discours sur l'origine et les fondements de l'inégalité parmi les hommes : (Record no. 43777)

MARC details
000 -LEADER
fixed length control field 00734 a2200229 4500
003 - CONTROL NUMBER IDENTIFIER
control field 0
005 - DATE AND TIME OF LATEST TRANSACTION
control field 20160609163732.0
008 - FIXED-LENGTH DATA ELEMENTS--GENERAL INFORMATION
fixed length control field 110518t xxu||||| |||| 00| 0 eng d
020 ## - NUMERO INTERNATIONAL NORMALISE DES LIVRES
International Standard Book Number 2-08-070243-2
040 ## - SOURCE DU CATALOGAGE
Original cataloging agency BUAC
Language of cataloging Fre
Transcribing agency BUC
041 ## - CODE DE LANGUE
Language code of text/sound track or separate title Fre
100 ## - VEDETTE PRINCIPALE - NOM DE PERSONNE
Language of a work Fre
Personal name Rousseau, Jean-Jacques
9 (RLIN) 17158
245 ## - TITLE STATEMENT
Title Discours sur l'origine et les fondements de l'inégalité parmi les hommes :
Remainder of title discours sur les sciences et les arts
Statement of responsibility, etc Jean-Jacques Rousseau ; Jacques Roger
260 ## - PUBLICATION, DISTRIBUTION, ETC. (IMPRINT)
Place of publication, distribution, etc Paris
Name of publisher, distributor, etc Flammarion
Date of publication, distribution, etc 1992
300 ## - PHYSICAL DESCRIPTION
Extent 282p
Dimensions 18 cm.
440 ## - SERIES STATEMENT/ADDED ENTRY--TITLE
Title (GF Flammarion
Number of part/section of a work 243)
9 (RLIN) 17159
630 ## - SUBJECT ADDED ENTRY--UNIFORM TITLE
Uniform title PHILOSOPHIE
9 (RLIN) 17160
650 ## - SUBJECT ADDED ENTRY--TOPICAL TERM
Topical term or geographic name as entry element Epistémologie : art
9 (RLIN) 17161
700 ## - ADDED ENTRY--PERSONAL NAME
Personal name Roger, Jacques
Titles and other words associated with a name Préf.
9 (RLIN) 17162
942 ## - ADDED ENTRY ELEMENTS (KOHA)
Koha item type Livre
Holdings
Withdrawn status Lost status Damaged status Not for loan Location (home branch) Sublocation or collection (holding branch) Date acquired Source of acquisition Koha issues (times borrowed) Koha full call number Piece designation (barcode) Koha date last seen Copy number Price effective from Koha item type
        Bibliothèque Universitaire Centrale Bibliothèque Universitaire Centrale   Achat   177.5 ROU L10815Buac 18/05/2011 1 18/05/2011 Livre
        Bibliothèque Universitaire Centrale Bibliothèque Universitaire Centrale   Achat   177.5 ROU L10816Buac 18/05/2011 2 18/05/2011 Livre


© 2008, Bibliothèques de l'Université d'Abomey-Calavi

04 BP 789 Cotonou, Tél. : +229 21 36 01 01, Fax : +229 21 35 06 32

Courriel : bu@bu.uac.bj